00429 2200169 4500001002100000005001500021008004100036020002200077035001900099041000700118082001000125090001600135100002100151245003400172260003200206300002100238INLIS00000000003221920241224133357241224||||||||| | ||| |||| || |  a978-979-465-525-2 0010-1224032219 aid0 a612.1 a612.1 TAK m0 aE. Takari, S.Pd.00aMENGENAL Alat PEREDARAN DARAH aBandungbEpsilon Grupc2007 a29,5cm-28halaman